LIBRARY & INFORMATION CENTRE, KCAET, TAVANUR

ONLINE PUBLIC ACCESS CATALOGUE (OPAC)

Manures and fertilizers / (Record no. 10744)

MARC details
000 -LEADER
fixed length control field 00364cam a2200145ua 4500
041 ## - LANGUAGE CODE
Language code of text/sound track or separate title eng
082 ## - DEWEY DECIMAL CLASSIFICATION NUMBER
Classification number 631.86
Item number SMI/MA
100 ## - MAIN ENTRY--AUTHOR NAME
Personal name Smith, A M .
245 ## - TITLE STATEMENT
Title Manures and fertilizers /
260 ## - PUBLICATION, DISTRIBUTION, ETC. (IMPRINT)
Place of publication London :
Name of publisher Thomas Nelson and sons Ltd. ,
Year of publication 1952.
300 ## - PHYSICAL DESCRIPTION
Number of Pages 275 ; .
942 ## - ADDED ENTRY ELEMENTS (KOHA)
Koha item type Books
Holdings
Withdrawn status Lost status Damaged status Home library Current library Date acquired Full call number Accession Number Koha item type
      KAUAET KAUAET 07/04/2012 631.86 3457 Books
free website counter